000 01114nam a2200229Ia 4500
003 Ost
005 20260507075724.0
008 260507s9999||||xx |||||||||||||| ||und||
020 _a4105069957
040 _cfsecg
041 _aara
082 _a1.64
100 _aشلباية، مراد
_eمؤلف
245 0 _aبرمجة المزودات /
_c مراد شلباية
260 _aعمان:
_bدار المسيرة,
_c2002
300 _a495 صفحة؛
_bإيضاحات ؛
_c24 سم
504 _aبيبليوغرافيا ص.456
520 _aمقدمة إلى لغة Perl؛أنواع البيانات في لغة Perl،أنواع المشغلات في لغة Perl،جمل الشرط والدوران،مطابقة الأنماط،القوائم List،المصفوفات الارتباطية،البرمجة الفرعية،الملفات Files،أساسيات برمجة CGI،الاتصال بين المتصفح والمزود،النماذج،تشفير البيانات،تطبيقات الCGI
653 _aالبرمجة الآلية
653 _aبرامج الحاسبات
942 _cكتاب
999 _c45956
_d45956